| 000 | 01048nam a2200289 a 4500 | ||
|---|---|---|---|
| 001 | 000014659 | ||
| 003 | DO-SdBNP | ||
| 005 | 20250617102810.0 | ||
| 008 | 100118s2009 dr r 001 0 spa d | ||
| 020 | _a9789945872002 | ||
| 040 |
_aDO-SdBNP _bspa _cBNPHU |
||
| 082 | 4 |
_a306.44 _bR789b _222 |
|
| 100 | 1 |
_aRosario Candelier, Bruno, _d1941- _9851 |
|
| 245 | 1 | 3 |
_aLa fragua del sentido : _bla lengua en el desarrollo cultural / _cBruno Rosario Candelier. |
| 260 |
_aSanto Domingo : _bAcademia Dominicana de la Lengua, _c2009. |
||
| 300 |
_a325 p. ; _c24 cm. |
||
| 490 | 1 |
_aPor las amenas liras _v5 |
|
| 505 | 0 |
_tBajo el signo del lenguaje -- _tLa estela de las letras -- _tCartas y correos electrónicos. |
|
| 590 | _aInventariado,2018/DG | ||
| 650 | 4 |
_aLenguaje y cultura _910051 |
|
| 650 | 4 |
_aLenguaje y lengua _99143 |
|
| 650 | 4 |
_aNacionalismo y cultura _922911 |
|
| 650 | 4 |
_aSociolingüística _zRepública Dominicana _927887 |
|
| 830 | 0 |
_aPor las amenas liras _n5 _933208 |
|
| 910 | _aValidado. Control de calidad. EMS | ||
| 942 |
_2ddc _cLBS1 |
||
| 999 |
_c14243 _d14243 |
||